| 000 | 00000nas##2200000za#4500 |
| 001 | 9.515644 |
| 003 | CaOODSP |
| 005 | 20210615083005 |
| 007 | ta |
| 008 | 150406c2008||||xxc|| p #||||f| |0eng|d |
| 040 | |aCaOODSP|beng |
| 043 | |an-cn--- |
| 086 | 1 |aTU1-4/2E |
| 110 | 2 |aTransportation Safety Board of Canada. |
| 245 | 10|aTransportation Safety Board of Canada, annual report to Parliament on the application of the Privacy Act |
| 260 | |aOttawa - Ontario : |bTransportation Safety Board of Canada |
| 310 | |aAnnual |
| 520 | 3 |aDescribes how the Transportation Safety Board of Canada administered its responsibilities in the year of operation of the Privacy Act. |
| 563 | |aProcessed |
| 775 | 08|tBureau de la sécurité des transports du Canada, rapport annuel au Parlement sur l'application de la Loi sur la protection des renseignements personnels |w(CaOODSP)9.513966 |
| 776 | 0#|tAnnual report to Parliament on the application of the Privacy Act.|w(CaOODSP)9.505858 |